vkie - BARBARA - Statystyki

Ogólne statystyki
  • Ten quiz został rozwiązany 56 razy
  • Średni wynik to 10 z 18
Statystyki odpowiedzi
BARBARA % Poprawnych
BARBARA
95%
INTRO
82%
OUTRO
77%
4 PANCERNI (BONUS TRACK)
74%
FISHERPRICE
64%
JAK MAM WSTAĆ?
62%
FLEGMA
59%
EKRAN
51%
KIEDY ZACHODZI SŁOŃCE
49%
SYNERGIA
49%
WCIĄŻ JESTEM CHORY
49%
DESPERO
46%
W MOICH STRONACH
44%
JAK FILM
41%
BREAK TIME
38%
GADU GADU
33%
OD SK DO SASKIEJ
33%
PO TEMACIE
33%
Nie znaleziono quizów pasujących do podanych kryteriów
Rozkład punktacji
Procent ludzi z każdym wynikiem
Percentyl według liczby udzielonych odpowiedzi
Twoja historia wyników
Nie rozwiązałeś tego quizu